Cities by Metro Train - Statistics

General Stats
  • This quiz has been taken 16 times
  • The average score is 8 of 16
Answer Stats
Picture Answer % Correct
London
93%
New York City
87%
Chicago
73%
Madrid
67%
Paris
67%
Washington
60%
Mexico City
53%
Berlin
47%
Glasgow
47%
Barcelona
40%
Boston
40%
Hong Kong
40%
Singapore
33%
Sydney
33%
Moscow
27%
Seoul
13%
No matching quizzes found
Score Distribution
Percent of People with Each Score
Percentile by Number Answered
Your Score History
You have not taken this quiz